<?xml version="1.0" encoding="UTF-8"?><?xml-stylesheet type="text/xsl" href="static/style.xsl"?><OAI-PMH xmlns="http://www.openarchives.org/OAI/2.0/" xmlns:xsi="http://www.w3.org/2001/XMLSchema-instance" xsi:schemaLocation="http://www.openarchives.org/OAI/2.0/ http://www.openarchives.org/OAI/2.0/OAI-PMH.xsd"><responseDate>2026-04-17T05:14:16Z</responseDate><request verb="GetRecord" identifier="oai:www.recercat.cat:2445/228611" metadataPrefix="marc">https://recercat.cat/oai/request</request><GetRecord><record><header><identifier>oai:recercat.cat:2445/228611</identifier><datestamp>2026-04-08T13:46:44Z</datestamp><setSpec>com_2072_1057</setSpec><setSpec>col_2072_478798</setSpec><setSpec>col_2072_478916</setSpec><setSpec>col_2072_478917</setSpec></header><metadata><record xmlns="http://www.loc.gov/MARC21/slim" xmlns:dcterms="http://purl.org/dc/terms/" xmlns:xsi="http://www.w3.org/2001/XMLSchema-instance" xmlns:doc="http://www.lyncode.com/xoai" xsi:schemaLocation="http://www.loc.gov/MARC21/slim http://www.loc.gov/standards/marcxml/schema/MARC21slim.xsd">
   <leader>00925njm 22002777a 4500</leader>
   <datafield ind2=" " ind1=" " tag="042">
      <subfield code="a">dc</subfield>
   </datafield>
   <datafield ind2=" " ind1=" " tag="720">
      <subfield code="a">Ayala Rojas, Rocío Elena</subfield>
      <subfield code="e">author</subfield>
   </datafield>
   <datafield ind2=" " ind1=" " tag="720">
      <subfield code="a">Granero, Roser</subfield>
      <subfield code="e">author</subfield>
   </datafield>
   <datafield ind2=" " ind1=" " tag="720">
      <subfield code="a">Fernández Aranda, Fernando</subfield>
      <subfield code="e">author</subfield>
   </datafield>
   <datafield ind2=" " ind1=" " tag="720">
      <subfield code="a">Gómez Peña, Mónica</subfield>
      <subfield code="e">author</subfield>
   </datafield>
   <datafield ind2=" " ind1=" " tag="720">
      <subfield code="a">Moragas, Laura</subfield>
      <subfield code="e">author</subfield>
   </datafield>
   <datafield ind2=" " ind1=" " tag="720">
      <subfield code="a">Perales, Iván</subfield>
      <subfield code="e">author</subfield>
   </datafield>
   <datafield ind2=" " ind1=" " tag="720">
      <subfield code="a">Jimenez Murcia, Susana</subfield>
      <subfield code="e">author</subfield>
   </datafield>
   <datafield ind2=" " ind1=" " tag="260">
      <subfield code="c">2026-03-30T15:41:33Z</subfield>
   </datafield>
   <datafield ind2=" " ind1=" " tag="260">
      <subfield code="c">2026-03-30T15:41:33Z</subfield>
   </datafield>
   <datafield ind2=" " ind1=" " tag="260">
      <subfield code="c">2024-12-01</subfield>
   </datafield>
   <datafield ind2=" " ind1=" " tag="260">
      <subfield code="c">2026-03-30T15:41:33Z</subfield>
   </datafield>
   <datafield ind2=" " ind1=" " tag="520">
      <subfield code="a">Worldwide estimates of the prevalence of online gaming disorder (OGD) and online sports
betting addiction (OSBA) have become exceedingly high, particularly among young peo-
ple. The objective of this study was to compare the sociodemographic and clinical pro-
files of treatment-seeking patients for these mental health disorders. The sample included
n = 495 patients (n = 108 OGD and n = 387 OSBA) recruited from a tertiary care unit spe-
cialized in the treatment of behavioral addictions. Sociodemographic variables, psycho-
pathologic state, impulsivity, emotion regulation, substances, and personality traits were
assessed and compared between both these diagnostic subtypes. The prevalence for OGD
was 3.82% and for OSBA was 13.01% among the whole sample of n = 3,036 patients.
Compared with OGD, OSBA presented a profile characterized by a greater proportion of
non-single men with higher levels of education, employed, and of higher socioeconomic
status. OSBA was also characterized by older chronological age, later age of onset of the
addictive behaviors, worse psychopathology state (greater likelihood of depression and
anxiety), higher impulsivity, and higher substance use. The personality profile related to
OSBA presented higher novelty seeking, reward dependence and persistence, and lower
harm avoidance. Despite the similarities between OGD and OSBA, and even though both
behaviors could be perceived by the general population as low-risk leisure activities (as
opposed to other gambling types, such as casinos or slot machines), the differences in the
clinical profiles should be considered in efforts to improve assessment tools and special-
ized intervention plans.</subfield>
   </datafield>
   <datafield tag="653" ind2=" " ind1=" ">
      <subfield code="a">Joc compulsiu</subfield>
   </datafield>
   <datafield tag="653" ind2=" " ind1=" ">
      <subfield code="a">Addicció a Internet</subfield>
   </datafield>
   <datafield tag="653" ind2=" " ind1=" ">
      <subfield code="a">Compulsive gambling</subfield>
   </datafield>
   <datafield tag="653" ind2=" " ind1=" ">
      <subfield code="a">Internet addiction</subfield>
   </datafield>
   <datafield ind2="0" ind1="0" tag="245">
      <subfield code="a">Online Gaming Disorder and Sports Betting Addiction: Convergences and Divergences</subfield>
   </datafield>
</record></metadata></record></GetRecord></OAI-PMH>